000 00957nam a22002177a 4500
003 OSt
005 20180123072325.0
008 150409b2010 slv spa
040 _cBMC
082 _a621.398
100 _934911
_aQuintana Rodríguez, Mario Javier
245 1 0 _aSitio Web Santuario Nuestra Señora del Rosario
_b: proyecto
_cMario Javier Quintana Rodriguez, Leonardo José Castillo Perla
260 _aSanta Ana (El Salvador)
_bUniversidad Católica de El Salvador
_c2010
300 _a1 v. (pág. var.)
_bil. col
_c28 cm
_e+ 1 disco compacto
500 _aPrecede al tít.: Universidad Católica de El Salvador, Facultad de Ingeniería y Arquitectura
502 _aPara optar al título de Ingeniero en Sistemas Informáticos
650 2 4 _98508
_aDiseño de sistemas
700 1 _934912
_aCastillo Perla, Leonardo José
710 2 _91166
_aUniversidad Católica de El Salvador
_bFacultad de Ingeniería y Arquitectura
942 _2ddc
_cTG
999 _c21336
_d21336